00344nam a2200133Ia 450000500170000000800410001702000150005808200130007310000180008624500300010426000420013430000120017665000220018820250428013247.0240331s9999 xx 000 0 und d a9555670005 bLEEa891 aLeelarathne,U 0aMinis bombaya ha wedanawa aColombobDatyawanasa Publishersc1999 a84 p ., aTamil Short Story